| 000 | 00724nam a22002177a 4500 | ||
|---|---|---|---|
| 999 |
_c22595 _d22595 |
||
| 003 | AR-CdUCM | ||
| 008 | 190427b ||||| |||| 00| 0 spa d | ||
| 020 | _a9786123195458 | ||
| 040 |
_aMUNICIPALIDAD PROVINCIAL DEL CUSCO _cBIBLIOTECA MUNICIPAL DEL CUSCO |
||
| 082 |
_aEP/869.57/CH38A _bCH38A |
||
| 100 |
_aChirif, Micaela _934441 |
||
| 245 |
_aAnimales peruanos / _cMicaela Chirif, Loreto Salinas |
||
| 260 |
_aLima : _bPlaneta, _c2020. |
||
| 300 |
_a105 páginas. : _bIlustraciones en color ; _c28 cm. |
||
| 650 |
_aLiteratura infantil _9588 |
||
| 650 |
_aLibros ilustrados para niños _922257 |
||
| 650 |
_aFauna peruana _919912 |
||
| 700 |
_aSalinas, Loreto _eilustrador _948603 |
||
| 942 |
_2ddc _cLIBROS |
||
| 945 | _arac | ||